000 00186 a2200085 4500
020 _a9780851392134
100 _aCECIL HANDISYDE
245 _aEVERYDAY DETAILS
260 _bARCHITECTURAL PRESS
999 _c13070
_d13070